000 01077nam a22003257c 4500
003 EG-GICUC
005 20260203082354.0
008 260203s1987 -uk ||fr|||| 001 0 eng d
020 _a0420471308
040 _aEG-GiCUC
_beng
_cEG-GiCUC
_dEG-GiCUC
_erda
041 0 _aeng
082 0 4 _221
_a341.84
_bDI
092 0 4 _221
099 _aLaw 12 341.84 DI 11 ed - 1987
245 0 2 _aDicey And Morris On The Conflict Of Laws.
_nVolume 2 /
_cUnder The General Editorship Of Lawrence Collins ; With Specialist Editors.
250 _aEleventh Edition.
264 1 _aLondon :
_bStevens & Sons Limited,
_c1987.
300 _a1511 pages,
_c24 cm.
336 _2rda content
_atext
337 _2rda media
_aComputer
338 _2rda carrier
_aOnline Resource
504 _aIncludes bibliographical references and index.
546 _aText in English
650 1 4 _aPrivate international law
_2
651 1 _2
700 1 _aCollins, Lawrence
_eContributor
856 4 0 _uhttps://fll.law.cu.edu.eg/fulltext/bks/B12-02207.pdf
905 _a48
942 _2ddc
_cBK
_e21
_n0
999 _c60415
_d60415